000 00597nam a2200217Ia 4500
003 OSt
005 20241003102122.0
008 210329s9999||||xx |||||||||||||| ||und||
040 _cSTCPL
041 _aMAL
041 _hMAL
082 _a791.43
_bANI-K
100 _aDev, Anil
_qഅനിൽ ദേവ്
245 0 _aKaanakkazchakal /
_cby Anil Dev
_hകാണാക്കാഴ്ചകള്‍
260 _aThiruvananthapuram :
_bRead India Publications ,
_c2011 .
300 _a146 p.
_bPB
650 _aMalayalam literature
650 _aFilm Studies
942 _cBK
942 _2ddc
999 _c65502
_d65502